1409 1699 1692 1670 1931 1943 1253 1681 1646 1650 1644 1389 1496 1337 1935 1234 1450 1042 1063 1686 1998 1253 1709 1301 1824 1307 1784 1484 1619 1517 1100 1899 1685 1694 1654 1742 1008 1903 1929 1072 1155 1220 1075 1218 1525 1248 1486 1177 1087 1919 1250 1392 1656 1976 1498 1337 1427 1592 1262 1196 1545 1413 1591 1201 1461 1419 1781 1970 1105 1019 1993 1257 1914 1922 1660 1964 1563 1236 1967 1833 1558 1137 1062 1774 1052 1772 1150 1463 1880 1240 1503 1745 1580 1220 1418 1973 1304 1314 1217 BCNSPRNW ULIB Ver.6.0+V

เปลี่ยนเป็นภาษาไทย

Change to English
 แสดงรายละเอียดบรรณานุกรม
  กลับหน้าหลัก

Brief Record : Get Marc (ISO 2709) : E-mail record : QR code < ปิดหน้าต่าง
LEADER : 00000nam 2200000uu 4500
001    13399120509
003     ULIB
008    120921s2551||||th 000 0 tha d
020    ^a9789747477153
060 04 ^aWB925^bม443ส 2551
100 0  ^aมานพ ประภาษานนท์
245 10 ^aสุขภาพสร้างได้ /^cมานพ ประภาษานนท์
250    ^aพิมพ์ครั้งที่ 1
260    ^aกรุงเทพฯ :^bเรือนปัญญา,^c2551
300    ^a133 หน้า :^bภาพประกอบ ;^c19 ซม.
650  7 ^aสุขวิทยา
650  7 ^aสุขภาพ
945    ^p135^l0^i15231
995    ^aกัณชพร
999 ^a ใช้งานได้ทุกระบบ
รายการนี้ยังไม่มีแท็ก
คุณยังไม่ได้ล็อกอิน คุณสามารถมีกิจกรรมร่วมกับเว็บไซต์ได้ แต่ต้องล็อกอินก่อน ::
  ล็อกอิน

รายการสื่อสารสนเทศ

ลำดับที่ ประเภท เลขเรียก/บาร์โค้ด สถานที่ สถานะ
1. วิทยาศาสตร์การแพทย์ และสุขภาพ
วิทยาศาสตร์การแพทย์ และสุขภาพ
WB925 ม443ส 2551  
  Barcode: 15231
ห้องสมุดวิทยาเขตสวรรค์ประชารักษ์
►ส่วนจัดเก็บหนังสือเก่า สปร
บนชั้น
  ขอยืม

รายการใกล้เคียง
    ผู้แต่ง [มานพ ประภาษานนท์]

    หัวเรื่อง [สุขวิทยา]
    หัวเรื่อง [สุขภาพ]

BibComment


ยังไม่เคยถูกคอมเมนท์

คอมเมนท์ทรัพยากรรายการนี้
  คอมเมนท์: สุขภาพสร้างได้ ..


 Copyright 2026. Bcnsprnw @Library